000 00661pam a2200217 a 4500
020 _a053456268X
020 _a0534562698
020 _a0534376088
040 _cDLC
082 0 0 _a363 BRO 2000 C159 Or.
100 1 _aMiller, G. Tyler
245 1 0 _aLiving in the environment :
_bprinciples, connections, and solutions /
250 _a11th ed.
260 _aPacific Grove :
_bBrooks/Cole,
_cc2000.
300 _a1 v. (various pagings) :
_bill. (some col.), col maps ;
_c29 cm.
500 _a"Annotated instructor's edition"--Cover.
650 0 _aEnvironmental sciences.
650 0 _aHuman ecology.
650 0 _aEnvironmental policy.
942 _cAEDBB
999 _c19049
_d19049